Statistics for Former Soviet Countries And Capitals

Click here to take the quiz!

General Stats

  • This quiz has been taken 47 times
  • The average score is 27 of 30

Answer Stats

Answer% Correct
Armenia
95%
Estonia
95%
Georgia
95%
Kazakhstan
95%
Kiev
95%
Kyrgyzstan
95%
Latvia
95%
Lithuania
95%
Moldova
95%
Uzbekistan
95%
Azerbaijan
93%
Belarus
93%
Moscow
93%
Russia
93%
Ukraine
93%
Baku
90%
Minsk
90%
Riga
90%
Tajikistan
90%
Tallinn
90%
Turkmenistan
90%
Tbilisi
88%
Vilnius
88%
Yerevan
88%
Tashkent
80%
Chisinau
78%
Nur-Sultan
78%
Bishkek
70%
Dushanbe
70%
Ashgabat
63%

Score Distribution

Percentile by Number Answered

Percent of People with Each Score

Your Score History

You have not taken this quiz